Animals that can be Milked - Statistics

General Stats
  • This quiz has been taken 69 times
  • The average score is 13 of 15
Answer Stats
Picture Answer % Correct
Cow
100%
Goat
100%
Sheep
100%
Camel
98%
Giraffe
98%
Horse
98%
Pig
98%
Donkey
95%
Moose
94%
Alpaca
90%
Llama
90%
Platypus
89%
Reindeer
74%
Yak
71%
Water Buffalo
29%
No matching quizzes found
Score Distribution
Percent of People with Each Score
Percentile by Number Answered
Your Score History
You have not taken this quiz